000 00506nam a2200181Ia 4500
005 20250326125002.0
008 250326s9999 xx 000 0 und d
037 _aTextbook
040 _aFMSL
_beng
_cFMSL
041 _aeng
_2eng
084 _aX:951 K4
_qFMSL
100 _aHarbison F
_9333427
245 0 _aEducation, manpower, and economic growth
_cHarbison F; Myers C A
260 _aNY
_bNY, McGraw-Hill
_c1964
300 _a229p
942 _cTB
_hX:951 K4
999 _c1276040
_d1276040